Missing Word: Mystery Actresses V Quiz Stats

 Plays Quiz Updated Jul 20, 2012

     
Support Sporcle.
Go Orange.
Score 0/20 Timer 02:00
0 Plays Today
Answer % Correct
Friday
95.4%
Harry
95%
Parent
94.6%
Something
93.5%
Sleepless
92.5%
Mail
91.2%
Mean
90.9%
Bruce
89.8%
Just
88%
Vegas
86.7%
Answer % Correct
Lindsay Lohan
84%
Polly
80.3%
Marley
78.9%
Charlie's
78.8%
Cameron Diaz
78.7%
Jennifer Aniston
76.8%
Meg Ryan
76.6%
After
73.9%
Kate
57.6%
Confessions
52.7%

Today's Daily Dose

Missing Word
Brands of Alcohol

Word Ladder
A Little Room?

Get the Picture
SpongeBob Rivalry

From the Vault

Thomas Hardy Novels

by Rat

Some will find this quiz easy, others might find it Hardy.
Remove Ads.
Support Sporcle.
Get the best of Sporcle when you Go Orange. This ad-free experience offers more features, more stats, and more fun while also helping to support Sporcle. Thank you for becoming a member.

Show Comments

Extras

Top Quizzes Today


Score Distribution

Your Account Isn't Verified!

In order to create a playlist on Sporcle, you need to verify the email address you used during registration. Go to your Sporcle Settings to finish the process.

Report this User

Report this user for behavior that violates our Community Guidelines.

Details: